Effectiveness of village animal health worker in khsachkandal district kandal province, ប្រសិទ្ធភាពនៃការបង្កើតភ្នាក់ងារសុខភាពសត្វភូមិនៅស្រុកខ្សាច់កណ្ដាល ខេត្តកណ្ដាល (Record no. 2546)

000 -LEADER
fixed length control field 00671nam a22001337a 4500
040 ## - CATALOGING SOURCE
Transcribing agency RUA
082 ## - DEWEY DECIMAL CLASSIFICATION NUMBER
Classification number AVM CHH 2011 B099 Or.1
100 ## - MAIN ENTRY--AUTHOR NAME
Personal name CHHEANG, CHEAMOV.
245 ## - TITLE STATEMENT
Title Effectiveness of village animal health worker in khsachkandal district kandal province, ប្រសិទ្ធភាពនៃការបង្កើតភ្នាក់ងារសុខភាពសត្វភូមិនៅស្រុកខ្សាច់កណ្ដាល ខេត្តកណ្ដាល
260 ## - PUBLICATION, DISTRIBUTION, ETC. (IMPRINT)
Place of publication Phnom Penh
Name of publisher RUA
Year of publication 2011
300 ## - PHYSICAL DESCRIPTION
Number of Pages x; 41p.
Other physical details ill.
Dimensions 29cm.
856 ## - ELECTRONIC LOCATION AND ACCESS
Uniform Resource Identifier https://drive.google.com/file/d/1jB2C49GZfZVR9YpXH1P3DH5CrGJlNQXt/view?usp=sharing
942 ## - ADDED ENTRY ELEMENTS (KOHA)
Koha item type AVM
952 ## - LOCATION AND ITEM INFORMATION (KOHA)
Withdrawn status [LOCAL, KOHA] 0
952 ## - LOCATION AND ITEM INFORMATION (KOHA)
Withdrawn status [LOCAL, KOHA] 0
952 ## - LOCATION AND ITEM INFORMATION (KOHA)
Withdrawn status [LOCAL, KOHA] 0
952 ## - LOCATION AND ITEM INFORMATION (KOHA)
Withdrawn status [LOCAL, KOHA] 0
Holdings
Permanent Location Date acquired Koha item type Lost status Shelving location Barcode Current Location Full call number
Library Block B2015-10-24AVM B099RUA011345Library Block BAVM CHH 2011 B099 Or.1
Library Block B2015-10-24AVM B099RUA011132Library Block BAVM CHH 2011 B099 Or.2
Library Block B2015-10-24AVM B099RUA011123Library Block BAVM CHH 2011 B099 Or.3
Library Block B2015-10-24AVM B099RUA011204Library Block BAVM CHH 2011 B099 Or.4
មជ្ឈមណ្ឌលឯការនៃសាកលវិទ្យាល័យភូមិន្ទកសិកម្មចំការដូង

Powered by Koha